04900nam a2200445 a 4500001000900000003000500009005001700014007000300031008004100034010001100075040002300086041001300109090002300122100003100145240010400176245011800280264004200398300005000440336002700490337002800517338002800545502010200573504003400675520157500709520147202284650004603756650004303802650004003845650005103885700003903936700003703975700004004012901001904052902000604071905006304077942005904140999001904199952011804218952011804336dia_6142CHAP20250528182020.0ta220117s2002 mx d frm 001 0 spa d a177327 cCHAPamxchpuaerda0 aspabeng aTesis bA93 c20021 aÁvalos Juárez, Tomás10aDevelopment of a simulation model of the agroindustrial entrerprise for it's management.lEspañol10aDesarrollo de un modelo de simulación de la empresa agroindustrial para su gestión /cTomás Avalos Juárez aChapingo, México :bEl autor,c2002 av, 122 hojas :bgráficas, diagramas, tablas 2rdacontentatextobtxt 2rdamediaano mediadobn 2rdacarrieravolumenbnc aTesis b(Ingeniero Agroindustrial) -- cUACh. Departamento de Ingeniería Agroindustrial, d2002 aBibliografía: hojas 118-1223 aLa simulación es una técnica que muestra cómo construir modelos de una situación real, con la alternativa de realizar experimentos que, de otra forma, serian imposibles o demasiado costosos. En la actualidad existen múltiples aplicaciones de la simulación, los juegos de negocios son un tipo de simulación muy importante cuyo desarrollo se ha enfocado en la industria manufacturera la cual no maneja productos perecederos como en el caso de la Industria de alimentos, ésto crea la necesidad de identificar las variables que provocan un comportamiento diferente entre ambos tipos de industria, para plantear un modelo inicial de la empresa agroindustrial con base a las variables que determinan su comportamiento. Se realizó una revisión bibliográfica de los temas: modelos, simulación, juegos de negocios, el sistema empresa agroindustrial y modelos de gestión estratégica. Se elaboró y aplicó un formato de encuesta, se aplicó un análisis de componentes principales, se realizó un contraste entre variables de los dos tipos de industria y se planteó el modelo de gestión estratégica para una empresa agroindustrial. El modelo de la empresa agroindustrial está constituido por 19 variables dependientes, de las 56 variables independientes propuestas en el formato de encuesta 31 se incluyen en él; 14 afectan internamente a la empresa y 17 a su entorno, lo Cual da como resultado un modelo que difiere en su estructura al de la industria manufacturera y constituye una base para la generación de un juego de negocios. --3 aSimulation is a technique which shows how to set up models of a real situation, whit the alternative of realizing test that in other way, should be impossible or too expensive. Now a days, there are a multiple applications of simulation, business games are a kind of simulation very important which development has been fowsed on the manufacturer industry which doesn't handle perishable products is in case of food industry, this create the need to identify the variables which cause a different behaviour between both kinds of industry to set up an initial model of the agroindustrial enterprise based on the variables that determine it's behaviour. It has been realized bibliographic review about the themes: models, simulation, business games, enterprise agroindustrial system and strategic management models. It has been work out and applied a suvey format, it has been applied an analysis of principal components. It has been realized a contrast between variables from both kinds of industry and set out the strategic management model for an agroindustrial enterprise. The model of the agroindustrial enterprise is set up by 19 dependent variables, from the 56 variables independent proposed in the survey format, 31 are included on it;, 19 affect internally the enterprise and 17 to it's environment, which gives as a result a model, that differ on it's structure from the one manufacturer industry and constitute a base for the generation of a business game. 13aEmpresasx Modelos de simulación 2atg13aModelos de gestión agrícola 2atg13aAgricultural management models2atg13aBusiness enterprisesxSimulation models 2atg1 aPérez Pelayo, Fernandoedirector1 aPonce Hernández, Pedroeasesor1 aYbarra Moncada, Ma. Carmeneasesora aTESIS A93 2002 aM a5232272002 mx nm 8223123322spa16 cTESIS2Clasificación Universidad Autónoma Chapingo c177327d177327 00102local4055708TESISaIA_bIA_eEl autorl0oTesis A93 2002p1101009951r2026-02-02 00:00:00tEj. 2yTESIS 00102local4051708TESISaIA_bIA_eEl autorl0oTesis A93 2002p1101009950r2026-02-02 00:00:00tEj. 1yTESIS